Statistics for Groups of 3 - Science #1

Click here to take the quiz!

General Stats

  • This quiz has been taken 784 times
  • The average score is 18 of 30

Answer Stats

Group of 3Answer% Correct
1st 3 elements of the Periodic Table.Hydrogen
97%
Gas
96%
Liquid
96%
The 3 states of matter.Solid
95%
Helium
93%
The 3 largest planets in our Solar System.Jupiter
92%
Saturn
91%
Uranus
87%
3 largest bones in the human body.Femur
85%
Lithium
78%
Liver
78%
The 3 largest Organs of the human body.Skin
75%
Brain
73%
Edison
70%
Isosceles
67%
3 triangle types.Equilateral
66%
Tibia
65%
Scalene
56%
Neutrons
49%
The tiny particles making up an atom.Protons
49%
Electrons
48%
Fibula
46%
The first 3 moons of Saturn discovered.Titan
44%
The 3 names of the discoverer of the lightbulb.(If you're American that is!)Thomas
37%
Alva
18%
The 3 scientific disciplines.Natural
6%
Rhea
6%
Social
6%
Formal
5%
Lapetus
2%

Score Distribution

Percentile by Number Answered

Percent of People with Each Score

Your Score History

You have not taken this quiz